[Event "GER-ch U12"]
[Site "Willingen"]
[Date "2003.06.14"]
[Round "11"]
[White "Mijatovic, Andrea"]
[Black "Goepel, Martin"]
[Result "0-1"]
[WhiteElo "1408"]
[BlackElo "1476"]
[PlyCount "82"]
[EventDate "2003.06.08"]
[EventType "swiss"]
[EventRounds "11"]
[EventCountry "GER"]
[SourceTitle "CBM 094 Extra"]
[Source "ChessBase"]
[SourceDate "2003.07.09"]
[SourceVersion "2"]
[SourceVersionDate "2003.07.09"]
[SourceQuality "1"]

1. e4 c5 2. Nf3 e6 3. d4 cxd4 4. Nxd4 a6 5. Be2 Qc7 6. Nc3 Bb4 7. Qd3 Nf6 8. 0-0 Nc6 9. Be3 Ne5 10. Bf4 Nxd3 11. Bxc7 Nxb2 12. Nd1 Nxd1 13. Raxd1 Nxe4 14. Bf3 Nd2 15. Rxd2 Bxd2 16. Bb6 0-0 17. Rd1 Bb4 18. Nb3 d5 19. Rd4 Be7 20. c4 dxc4 21. Rxc4 e5 22. Bc5 Bxc5 23. Nxc5 Rb8 24. Rb4 b6 25. Be2 a5 26. Rb2 Bf5 27. Na4 b5 28. Bxb5 Bc2 29. Rxc2 Rxb5 30. h3 Rb4 31. Nb2 e4 32. Nd1 Rb1 33. Rd2 f5 34. Kf1 g6 35. Ke2 Rfb8 36. Rd5 R8b5 37. Rxb5 Rxb5 38. a4 Rb4 39. Nc3 Rb2+ 40. Ke1 Rc2 41. Nb5 Rc4 0-1

[Event "GER-ch U12"]
[Site "Willingen"]
[Date "2003.06.09"]
[Round "4"]
[White "Hannes, Diana"]
[Black "Goepel, Martin"]
[Result "1-0"]
[WhiteElo "1145"]
[BlackElo "1476"]
[PlyCount "47"]
[EventDate "2003.06.08"]
[EventType "swiss"]
[EventRounds "11"]
[EventCountry "GER"]
[SourceTitle "CBM 094 Extra"]
[Source "ChessBase"]
[SourceDate "2003.07.09"]
[SourceVersion "2"]
[SourceVersionDate "2003.07.09"]
[SourceQuality "1"]

1. e4 c5 2. d4 cxd4 3. c3 dxc3 4. Nxc3 e6 5. Nf3 a6 6. Bc4 Qc7 7. Qe2 b5 8. Bb3 Nc6 9. 0-0 d6 10. Bf4 Nf6 11. Rfd1 Be7 12. Rac1 Bb7 13. Nd5 exd5 14. exd5 0-0 15. dxc6 Bc8 16. Re1 Re8 17. Ng5 Be6 18. Bxe6 fxe6 19. Qxe6+ Kh8 20. Nf7+ Kg8 21. Nxd6+ Kh8 22. Nf7+ Kg8 23. Nh6+ Kh8 24. Qg8+ 1-0

[Event "GER-ch U12"]
[Site "Winterberg"]
[Date "2002.05.20"]
[Round "5"]
[White "Poetsch, Hagen"]
[Black "Goepel, Martin"]
[Result "1-0"]
[WhiteElo "1553"]
[BlackElo "1339"]
[PlyCount "111"]
[EventDate "2002.05.19"]
[EventType "swiss"]
[EventRounds "11"]
[EventCountry "GER"]
[SourceTitle "CBM 088 Extra"]
[Source "ChessBase"]
[SourceDate "2002.07.01"]
[SourceVersion "2"]
[SourceVersionDate "2002.07.01"]
[SourceQuality "1"]

1. e4 c5 2. Nf3 e6 3. d4 cxd4 4. Nxd4 Nf6 5. Nc3 Bb4 6. e5 Nd5 7. Qg4 0-0 8. Bh6 g6 9. Bxf8 Kxf8 10. Bd3 Nxc3 11. Nxe6+ fxe6 12. Qxb4+ Kg7 13. Qxc3 Nc6 14. 0-0 b6 15. Rad1 Bb7 16. Be4 Qe7 17. Qd2 Rd8 18. Qd6 Qxd6 19. Rxd6 Kf7 20. Rfd1 Ke7 21. b4 b5 22. f3 a6 23. Kf2 Ba8 24. f4 g5 25. g3 h6 26. Kf3 Ke8 27. a3 Ke7 28. Kg4 Nxe5+ 29. fxe5 Bxe4 30. Kh5 Bf3+ 31. Kxh6 Bxd1 32. Rxd1 Rh8+ 33. Kxg5 Rxh2 34. g4 Rh7 35. Rd6 a5 36. bxa5 Rh8 37. a6 Ra8 38. Kh6 Rh8+ 39. Kg7 Rf8 40. Rxd7+ Ke8 41. Rd8+ Kxd8 42. Kxf8 Kc7 43. g5 Kb6 44. g6 Kxa6 45. g7 Ka5 46. g8Q b4 47. Qxe6 bxa3 48. Qc6 a2 49. e6 Kb4 50. Qa6 Kc3 51. Qxa2 Kd4 52. e7 Kc5 53. e8Q Kb4 54. Qc8 Kb5 55. Qac4+ Kb6 56. Q4c5# 1-0

[Event "GER-ch U12"]
[Site "Winterberg"]
[Date "2002.??.??"]
[Round "1"]
[White "Lubbe, Melanie"]
[Black "Goepel, Martin"]
[Result "1-0"]
[WhiteElo "1709"]
[BlackElo "1339"]
[PlyCount "141"]
[EventDate "2002.05.19"]
[EventType "swiss"]
[EventRounds "11"]
[EventCountry "GER"]
[SourceTitle "CBM 088 Extra"]
[Source "ChessBase"]
[SourceDate "2002.07.01"]
[SourceVersion "2"]
[SourceVersionDate "2002.07.01"]
[SourceQuality "1"]

1. e4 c5 2. Nc3 e6 3. g3 Nc6 4. Bg2 Nf6 5. f4 d6 6. d3 Be7 7. Nf3 0-0 8. 0-0 Rb8 9. h3 d5 10. e5 Nd7 11. Kh1 b5 12. Ne2 c4 13. Ned4 Nxd4 14. Nxd4 Qb6 15. c3 Bb7 16. Qe2 Rfd8 17. Nc2 Qc7 18. Be3 Bc5 19. d4 Be7 20. f5 exf5 21. Rxf5 Rf8 22. Bf4 Nb6 23. Re1 Bc8 24. e6 Bd6 25. exf7+ Kh8 26. Bxd6 Qxd6 27. Qe5 Qg6 28. Rg5 Nd7 29. Rxg6 Nxe5 30. dxe5 hxg6 31. Bxd5 Bb7 32. Bxb7 Rxb7 33. e6 Rbb8 34. Kg2 g5 35. Nd4 g6 36. e7 Rxf7 37. e8Q+ Rxe8 38. Rxe8+ Kg7 39. Nxb5 Rb7 40. a4 a6 41. Nd4 Rxb2+ 42. Re2 Rb7 43. Ne6+ Kf6 44. Nc5 Rc7 45. Nxa6 Ra7 46. Nc5 Ra5 47. Ne4+ Kg7 48. Ra2 Re5 49. Kf3 Rd5 50. a5 Rf5+ 51. Ke2 Re5 52. Ke3 Kh6 53. a6 Re8 54. g4 Ra8 55. a7 Rxa7 56. Rb2 Rb7 57. Rf2 Rf7 58. Kd4 Rc7 59. Nd6 Rd7 60. Kc5 Rd8 61. Nf7+ Kg7 62. Nxd8 Kh6 63. Kxc4 Kg7 64. Kd5 Kh6 65. c4 Kg7 66. c5 Kh6 67. c6 Kg7 68. c7 Kh6 69. c8Q Kh7 70. Nf7 Kg7 71. Qh8# 1-0

[Event "GER-chT U12"]
[Site "Seifhennersdorf"]
[Date "2001.12.27"]
[Round "1.3"]
[White "Goepel, Martin"]
[Black "Gaier, Richard"]
[Result "1-0"]
[WhiteElo "1300"]
[BlackElo "1291"]
[PlyCount "80"]
[EventDate "2001.12.27"]
[EventType "team-tourn"]
[EventRounds "7"]
[EventCountry "GER"]
[SourceTitle "EXT 2003"]
[Source "ChessBase"]
[SourceDate "2002.11.25"]
[SourceVersion "1"]
[SourceVersionDate "2002.11.25"]
[SourceQuality "1"]

1. e4 e5 2. Nf3 Nc6 3. Bc4 Bc5 4. d3 Nf6 5. Bg5 d6 6. h3 0-0 7. 0-0 Be6 8. Bb3 Nd4 9. Nc3 c6 10. Na4 b6 11. c3 Nxb3 12. axb3 d5 13. Nxc5 bxc5 14. Nxe5 h6 15. Nxc6 Qd6 16. Bxf6 Qxc6 17. exd5 Qxd5 18. Bh4 Kh7 19. d4 cxd4 20. Qxd4 Qxd4 21. cxd4 Bxb3 22. Be7 Rfe8 23. Bc5 Re6 24. Rxa7 Rxa7 25. Bxa7 Rg6 26. f3 Be6 27. Kh2 f5 28. b4 f4 29. b5 Rg3 30. b6 Bc8 31. Rb1 Bb7 32. Rc1 Rg6 33. Rc7 Ba6 34. b7 Bxb7 35. Rxb7 Rd6 36. Rf7 Ra6 37. Bc5 Ra5 38. Rxf4 g5 39. Rf7+ Kg6 40. Ra7 Rb5 1-0

[Event "GER-ch U10"]
[Site "Willingen"]
[Date "2001.06.09"]
[Round "11"]
[White "Zehnter, Sebastian"]
[Black "Goepel, Martin"]
[Result "1-0"]
[WhiteElo "1293"]
[BlackElo "1136"]
[PlyCount "141"]
[EventDate "2001.06.03"]
[EventType "swiss"]
[EventRounds "11"]
[EventCountry "GER"]
[SourceTitle "EXT 2003"]
[Source "ChessBase"]
[SourceDate "2002.11.25"]
[SourceVersion "1"]
[SourceVersionDate "2002.11.25"]
[SourceQuality "1"]

1. d4 d5 2. c4 dxc4 3. Nf3 Nf6 4. Nc3 e6 5. Bg5 Be7 6. e4 Nbd7 7. Bxc4 c5 8. d5 exd5 9. Nxd5 Nxd5 10. Qxd5 0-0 11. Bf4 Nf6 12. Qd3 Qxd3 13. Bxd3 b6 14. Nd2 Bb7 15. f3 Rfd8 16. Bc2 Ba6 17. Rd1 Rd7 18. Kf2 Rad8 19. Nb3 Rxd1 20. Rxd1 Rxd1 21. Bxd1 Kf8 22. Ke3 Ke8 23. Nd2 Bb7 24. Bb3 Nd7 25. Nc4 f6 26. Nd6+ Bxd6 27. Bxd6 a5 28. Ba4 Bc8 29. Bc7 c4 30. Bxb6 Ke7 31. Bxa5 Ne5 32. Bc3 Ba6 33. Bxe5 fxe5 34. Bc6 Kd6 35. Bd5 g5 36. Kd2 Kc5 37. Kc3 h6 38. Bf7 Bb5 39. Bg6 Ba4 40. b3 cxb3 41. axb3 Bb5 42. b4+ Kd6 43. Kd2 Bf1 44. g3 Kc6 45. Be8+ Kd6 46. b5 Kc7 47. Ke3 Kb6 48. f4 gxf4+ 49. gxf4 exf4+ 50. Kxf4 Bxb5 51. Bxb5 Kxb5 52. Ke5 Kc6 53. Ke6 Kc7 54. Ke7 Kc8 55. e5 Kc7 56. e6 Kc6 57. Kf7 Kd5 58. e7 Kd4 59. e8Q Kd5 60. Kf6 Kd4 61. Kf5 Kd3 62. Qa4 Kc3 63. Ke5 Kd3 64. Qd4+ Kc2 65. Qe3 Kb2 66. Kd4 Ka2 67. Kc4 Kb2 68. Qb3+ Kc1 69. Qa2 Kd1 70. Kd3 Ke1 71. Qe2# 1-0

[Event "GER-ch U10"]
[Site "Willingen"]
[Date "2001.06.08"]
[Round "10"]
[White "Goepel, Martin"]
[Black "Gaier, Richard"]
[Result "1-0"]
[WhiteElo "1136"]
[BlackElo "1196"]
[PlyCount "57"]
[EventDate "2001.06.03"]
[EventType "swiss"]
[EventRounds "11"]
[EventCountry "GER"]
[SourceTitle "EXT 2003"]
[Source "ChessBase"]
[SourceDate "2002.11.25"]
[SourceVersion "1"]
[SourceVersionDate "2002.11.25"]
[SourceQuality "1"]

1. e4 e5 2. Nf3 Nf6 3. Nc3 Nc6 4. Bc4 Bc5 5. d3 d6 6. h3 Qe7 7. Bg5 a6 8. Nd5 Qd8 9. Nh2 Be6 10. Qf3 Bxd5 11. Bxd5 Nd4 12. Qd1 h6 13. Bxf6 Qxf6 14. Nf3 c6 15. Bb3 a5 16. c3 a4 17. cxd4 axb3 18. dxc5 bxa2 19. cxd6 Qxd6 20. Qb3 b5 21. 0-0 0-0 22. Rxa2 Rxa2 23. Qxa2 Qxd3 24. Nxe5 Re8 25. Qxf7+ Kh7 26. Nxd3 Rxe4 27. Re1 Rd4 28. Re7 Rxd3 29. Qxg7# 1-0